Practical guide to ICP-MS: A tutorial for beginners. Ed 3 (Record no. 74676)

MARC details
000 -LEADER
fixed length control field 00426nam a22001457a 4500
020 ## - INTERNATIONAL STANDARD BOOK NUMBER
ISBN 978-0-367-26903-6
082 ## - DEWEY DECIMAL CLASSIFICATION NUMBER
Classification number 581.785.23
Item number THO
100 ## - MAIN ENTRY--AUTHOR NAME
Personal name THOMAS (Robert)
245 ## - TITLE STATEMENT
Title Practical guide to ICP-MS: A tutorial for beginners. Ed 3
260 ## - PUBLICATION, DISTRIBUTION, ETC. (IMPRINT)
Place of publication Florida
Name of publisher CRC Press
Year of publication 2013
300 ## - PHYSICAL DESCRIPTION
Number of Pages 418p.
650 ## - SUBJECT ADDED ENTRY--TOPICAL TERM
Topical Term Inductively coupled plasma mass spectrometry
-- Practical spectroscopy
700 ## - ADDED ENTRY--PERSONAL NAME
Personal name THOMAS (Robert)
942 ## - ADDED ENTRY ELEMENTS (KOHA)
Koha item type Books
Holdings
Withdrawn status Lost status Damaged status Not for loan Home library Current library Date acquired Source of acquisition Cost, normal purchase price Full call number Accession Number Koha item type
        RRII Library RRII Library 03/06/2022 Purchased from Capital Books, Delhi Inv No. 17/22-23 dated 8.4.22 for Rs 68,942.00 for 10 books (Rs 2995 for this book) for this book) 2995.00 581.785.23 THO 23534 Books